Normal view
MARC view
- Supervisor: Professor Dr. Waqar A Khan
Entry Personal Name
001 - CONTROL NUMBER
- control field: 128797
003 - CONTROL NUMBER IDENTIFIER
- control field: NUST
005 - DATE AND TIME OF LATEST TRANSACTION
- control field: 20250423135957.0
008 - FIXED-LENGTH DATA ELEMENTS
- fixed length control field: 250423|| aca||aabn | a|a d
040 ## - CATALOGING SOURCE
- Original cataloging agency: NUST
- Transcribing agency: NUST
100 ## - HEADING--PERSONAL NAME
- Personal name: Supervisor: Professor Dr. Waqar A Khan
670 ## - SOURCE DATA FOUND
- Source citation: Work cat.: (NUST)535452: Ilyas Tahir, Sheikh 30026, ENERGY AND EXERGY ANALYSIS OF A THERMAL POWER PLANT IN PAKISTAN (BIN QASIM THERMAL POWER STATION, KARACHI) /, 2014.
